00500nam a2200193Ia 450000500170000000800410001704000190005804100120007708200160008910000160010524500690012126000340019030000130022444000090023750400190024665000140026570000160027985000110029520240412133157.0131103s9999 xx 000 0 und d aLoreto College aEnglish a370.1 bHUG aHughes, A G aEducation b Some Fundamental Problems cA G Hughes & E H Hughes aGreat BritainbLongmansc1960 ax,296p.  aNo.3 aIncludes index aEducation aHughes, E H aLCBED